| 000 | 00753nam a22002297a 4500 | ||
|---|---|---|---|
| 005 | 20251108170125.0 | ||
| 008 | 250721s2001 xx 000 0 ara d | ||
| 082 | 1 | 4 | _aم/413.3/فار |
| 100 | 1 | _aإبن فارس، أبو الحسين أحمد بن فارس ... حبيب | |
| 245 | 1 | 0 | _aمعجم مقاييس اللغة / |
| 250 | _aطبعة جديدة تصححه | ||
| 264 | 1 |
_aبيروت : _bدار إحياء التراث، _c2001. |
|
| 300 | _a1106ص. | ||
| 650 | 1 | 7 | _aعلم المعاجم |
| 650 | 1 | 7 | _aالمعاني |
| 650 | 1 | 7 | _aاللغة العربية |
| 650 | 1 | 7 | _aاللفظ |
| 700 | 1 |
_aمرعب، محمد عوض _eتحقيق |
|
| 700 | 1 |
_aأصلان، فاطمة محمد _eتحقيق |
|
| 942 |
_2ddc _cREF |
||
| 999 |
_c40291 _d40291 |
||